水滸傳

資料類型: Book 圖書   書目號:48061

Leader xxxxxxxxxx
001 __ PCLIS00048061
005 __ 20080626142200.0008
010 0_ |a986-6966-28-3|b平裝|dNT$128
010 0_ |a978-986-6966-28-6|b平裝|dNT$128
042 __ |anbic
100 __ |a20080626d2006    m  y0chiy09      e
101 0_ |achi
102 __ |atw
105 __ |aak  z  0000yy
200 1_ |a水滸傳|e|f(明)施耐庵原著|g之人編撰
205 __ |a初版
210 __ |a臺北縣中和市|c漢宇國際文化|d2006[民95]
215 0_ |a255面|c彩圖|d26公分
225 2_ |a中國經典名著|v2
300 __ |a
681 __ |a857.46|y2006
700 _1 |a|b耐庵|s|4
702 _1 |a之人|b|4
801 _0 |atw|b臺北科大|c2007|gCCR
詳細館藏(共 1 筆)
索 書 號登 錄 號冊次號館別 / 館藏地流通類型狀態加入預約清單電子資源
857.46 / 8690 2019784  圖書館 / 一樓普通區 可外借30天 在館   

| 條列資料




目錄查詢 分類查詢 個人資料 圖書薦購 新書查詢 閉館日 排行榜 更多電子資源 Hami書城 線上資料庫 登出

From : 216.73.217.52

  本日流通累計至 21:36:59 借閱 : 0 次 續借 : 0 次 歸還 : 0 次 預約 : 0 次 電子資源 : 0 次


內湖高中圖書館  PCLIS 版本  26.5.0.12